LEADER 01059nam0 22002651i 450 001 UON00518566 005 20231205105534.432 100 $a20231017d1962 |0itac50 ba 101 $ager 102 $aDE 105 $a|||| ||||| 200 1 $aVorzeichen$efünf neue deutsche Autoren$eChristian Grote, Hans Günter Michelsen, Gisela Elsner, Ror Wolf, Jürgen Becker$feingeführt von H. M. Enzensberger 210 $aFrankfurt$cSuhrkamp$d1962 215 $a219 p.$d21 cm 606 $aLetteratura tedesca$3UONC051344$2FI 620 $aDE$dFrankfurt am Main$3UONL003175 676 $a830$cLetteratura tedesca$v21 700 1$aENZENSBERGER$bHans Magnus$3UONV017715$066292 712 $aSuhrkamp$3UONV260759$4650 801 $aIT$bSOL$c20251107$gRICA 899 $aSIBA - SISTEMA BIBLIOTECARIO DI ATENEO$2UONSI 912 $aUON00518566 950 $aSIBA - SISTEMA BIBLIOTECARIO DI ATENEO$dSI F. Goethe 830.082 VOR 4342 $eSI 46260 5 4342 996 $aVorzeichen$93904561 997 $aUNIOR